Biblioteca ESET

Historia entren tumbas | La historieta : una puerta llena de misterios (Registro nro. 666)

Detalles MARC
000 -CABECERA
fixed length control field 00805nam a2200265Ia 4500
003 - CONTROL NUMBER IDENTIFIER
control field AR-BeUNQ
005 - FECHA Y HORA DE LA ULTIMA TRANSACCION
control field 20240429135307.0
008 - ELEMENTOS DE LONGITUD FIJA-INFORMACION GENERAL
fixed length control field 221202s9999 xx 000 0 und d
020 ## - NUMERO INTERNACIONAL NORMALIZADO PARA LIBROS
Número Internacional Normalizado del libro 9789877880250
040 ## - FUENTE DE CATALOGACION
Agencia de catalogación original AR-BeUNQ
Idioma de catalogación ESPAÑOL
Convenciones de la descripción aacr
Agencia que realiza la transcripción AR-BeUNQ
100 ## - ASIENTO PRINCIPAL-NOMBRE PERSONAL
Nombre personal Saracino, Luciano,
245 #0 - MENCION DE TITULO
Título Historia entren tumbas
Otra información sobre el título La historieta : una puerta llena de misterios
250 ## - MENCION DE EDICION
Mención de edición 1a ed.
260 ## - PUBLICACION, DISTRIBUCION, ETC.
Lugar de publicación, distribución, etc. Ciudad Autónoma de Buenos Aires
Nombre del editor, distribuidor, etc. Riderchail
Fecha de publicación, distribución, etc 2021
300 ## - DESCRIPCION FISICA
Extensión 48 p. ;
Otros detalles físicos il. ;
Dimensiones 26 x 20 cm
490 ## - MENCION DE SERIE
Mención de serie Historia entre tumbas : La historieta
521 ## - NOTA DE AUDIENCIA
Nota de audiencia juvenil
546 ## - NOTA DE IDIOMA
Nota de idioma Español
653 ## - TERMINO DE INDIZACION - NO CONTROLADO
Término de indización no controlado Cuentos de terror
653 ## - TERMINO DE INDIZACION - NO CONTROLADO
Término de indización no controlado Literatura juvenil
653 ## - TERMINO DE INDIZACION - NO CONTROLADO
Término de indización no controlado Narrativa argentina
700 ## - ASIENTO SECUNDARIO - NOMBRE DE PERSONA
Personal name Mazzali, Gustavo
929 ## - DATOS DE ADQUISICION
Proveedor MEN
Fecha de recibido 2022
Procedencia DONACION
Número de inventario 60193
Patrimonio UNQ PAT0081605
942 ## - ELEMENTOS DE PUNTO DE ACCESO ADICIONAL (KOHA)
Tipo de ítem Koha Libros
Suppress in OPAC 0
Existencias
Estado de retiro Estado de pérdida Fecha de ingreso Total Checkouts Signatura topográfica completa Inventario Date last seen Tipo de ítem Koha
    02/12/2022   823 SAR 60113 02/12/2022 Libros

ESET UNQ

☏ 4365-7188
 Avenida República de Francia 1714 entre Doctor Kenny y Concordia, Ezpeleta, Bs As.
✉ secretaria_eset@unq.edu.ar

Con tecnología Koha